Kochbuchforschung interdisziplinär
| Titel: | Kochbuchforschung interdisziplinär : Beiträge der kulinarhistorischen Fachtagungen in Melk 2015 und Seckau 2016 / herausgegeben von Andrea Hofmeister-Winter |
|---|---|
| Beteiligt: | |
| Veröffentlicht: | Graz : up Unipress Verlag, 2017 |
| Umfang: | 1 Online-Ressource (312 Seiten) : Illustrationen, Diagramme |
| Format: | E-Book |
| Sprache: | Deutsch |
| Mehrbändiges Werk: |
Grazer mediävistische Schriften ; Band 1 |
| RVK-Notation: |
·
·
·
|
| ISBN: | 9783902666536 |
alg: 45450432 001A $00026:22-10-19 001B $01999:29-08-25 $t23:10:21.000 001D $00026:22-10-19 001U $0utf8 001X $00 002@ $0Oau 002C $aText $btxt $2rdacontent 002D $aComputermedien $bc $2rdamedia 002E $aOnline-Ressource $bcr $2rdacarrier 003@ $0454504322 004O $A978-3-902666-53-6 $Sp 004U $0urn:nbn:at:at-ubg:3-5448 $S0 007A $0454504322 $aHEB 009Q $S0 $uhttp://unipub.uni-graz.at/obvugroa/content/titleinfo/3513278 $xH 010@ $ager 010E $erda 011@ $a2017 013D $RWissenschaftliche Literatur $RAufsatzsammlung $#Konferenzbericht $71071861417 $8Konferenzschrift [Tsz] $9359646190 $y19.08.-21.08.2015 $zMelk $z24.08.-26.08.2016 $zSeckau 021A $aKochbuchforschung interdisziplinär $dBeiträge der kulinarhistorischen Fachtagungen in Melk 2015 und Seckau 2016 $hherausgegeben von Andrea Hofmeister-Winter 028C $BHerausgeber $#Winter, Andrea Hofmeister- $4edt $7124843794 $8Hofmeister-Winter, Andrea$Z1960- [Tp3] $9155449516 033A $pGraz $nup Unipress Verlag 033E $pGraz, Austria $nKarl-Franzens-Universität 034D $a1 Online-Ressource (312 Seiten) 034M $aIllustrationen, Diagramme 036E $aGrazer mediävistische Schriften $lBand 1 037A $aLiteraturangaben 044K $qDNB $RSitte $RErnährungsgewohnheit $RTischmanieren $#Drinking customs $#Food habits $#Habitudes alimentaires $#Boissons Fonctions sociales $#Esskultur $#Tischsitte $#Tischkultur $#Ess- und Trinksitten $74015556-0 $8Ess- und Trinksitte [Ts1] $9085035661 044K $qDNB $RAnleitung $#Food writing $#Cookbooks $#Livres de cuisine $#Livres de cuisine $#Libros de cocina $#Kochen Anleitung $#Kochrezept $#Rezepte $#Rezeptsammlung Kochen $#Rezept Kochen $74114240-8 $8Kochbuch [Ts1] $9085340987 044K $qDNB $RErnährung $REss- und Trinksitte $#Food habits $#Coutumes alimentaires $#Hábitos alimentarios $#feeding habits $#Ernährungsverhalten $#Nahrungsgewohnheit $#Ernährungsverhalten $#Verzehrsverhalten $#Ernährungsgewohnheiten $74136846-0 $8Ernährungsgewohnheit [Ts1] $9085510459 045E $c640 $c390 045R $aGeschichte 1300-1835 045Z $8ES 110 [Tkv] $9407872655 045Z $8GC 7381 [Tkv] $9408302321 045Z $8LC 17000 [Tkv] $9409657182 045Z $8ZE 76000 [Tkv] $947789416X 046L $aZusammenfassungen in englischer Sprache lok: 45450432 3 exp: 45450432 3 1 #EPN 201B/01 $022-10-19 $t22:39:52.103 201C/01 $022-10-19 201U/01 $0utf8 203@/01 $01065549725 204U/01 $0urn:nbn:at:at-ubg:3-5448 $S0 208@/01 $a22-10-19 $bl lok: 45450432 5 exp: 45450432 5 1 #EPN 201B/01 $022-10-19 $t22:39:52.106 201C/01 $022-10-19 201U/01 $0utf8 203@/01 $01065549733 204U/01 $0urn:nbn:at:at-ubg:3-5448 $S0 208@/01 $a22-10-19 $bl lok: 45450432 8 exp: 45450432 8 1 #EPN 201B/01 $022-10-19 $t22:39:52.109 201C/01 $022-10-19 201U/01 $0utf8 203@/01 $01065549741 204U/01 $0urn:nbn:at:at-ubg:3-5448 $S0 208@/01 $a22-10-19 $bl lok: 45450432 10 exp: 45450432 10 1 #EPN 201B/01 $022-10-19 $t22:39:52.111 201C/01 $022-10-19 201U/01 $0utf8 203@/01 $0106554975X 204U/01 $0urn:nbn:at:at-ubg:3-5448 $S0 208@/01 $a22-10-19 $bl lok: 45450432 11 exp: 45450432 11 1 #EPN 201B/01 $022-10-19 $t22:39:52.114 201C/01 $022-10-19 201U/01 $0utf8 203@/01 $01065549768 204U/01 $0urn:nbn:at:at-ubg:3-5448 $S0 208@/01 $a22-10-19 $bl lok: 45450432 21 exp: 45450432 21 1 #EPN 201B/01 $022-10-19 $t22:39:52.120 201C/01 $022-10-19 201U/01 $0utf8 203@/01 $01065549784 204U/01 $0urn:nbn:at:at-ubg:3-5448 $S0 208@/01 $a22-10-19 $bl lok: 45450432 23 exp: 45450432 23 1 #EPN 201B/01 $022-10-19 $t22:39:52.122 201C/01 $022-10-19 201U/01 $0utf8 203@/01 $01065549792 204U/01 $0urn:nbn:at:at-ubg:3-5448 $S0 208@/01 $a22-10-19 $bl lok: 45450432 25 exp: 45450432 25 1 #EPN 201B/01 $022-10-19 $t22:39:52.125 201C/01 $022-10-19 201U/01 $0utf8 203@/01 $01065549806 204U/01 $0urn:nbn:at:at-ubg:3-5448 $S0 208@/01 $a22-10-19 $bl lok: 45450432 36 exp: 45450432 36 1 #EPN 201B/01 $023-12-22 $t22:51:02.789 201C/01 $023-12-22 201U/01 $0utf8 203@/01 $01223002942 204U/01 $0urn:nbn:at:at-ubg:3-5448 $S0 208@/01 $a23-12-22 $bl lok: 45450432 49 exp: 45450432 49 1 #EPN 201B/01 $022-10-19 $t22:39:52.127 201C/01 $022-10-19 201U/01 $0utf8 203@/01 $01065549814 204U/01 $0urn:nbn:at:at-ubg:3-5448 $S0 208@/01 $a22-10-19 $bl lok: 45450432 54 exp: 45450432 54 1 #EPN 201B/01 $022-10-19 $t22:39:52.129 201C/01 $022-10-19 201U/01 $0utf8 203@/01 $01065549822 204U/01 $0urn:nbn:at:at-ubg:3-5448 $S0 208@/01 $a22-10-19 $bl lok: 45450432 75 exp: 45450432 75 1 #EPN 201B/01 $022-10-19 $t22:39:52.134 201C/01 $022-10-19 201U/01 $0utf8 203@/01 $01065549849 204U/01 $0urn:nbn:at:at-ubg:3-5448 $S0 208@/01 $a22-10-19 $bl lok: 45450432 107 exp: 45450432 107 1 #EPN 201B/01 $022-10-19 $t22:39:52.137 201C/01 $022-10-19 201U/01 $0utf8 203@/01 $01065549857 204U/01 $0urn:nbn:at:at-ubg:3-5448 $S0 208@/01 $a22-10-19 $bl lok: 45450432 108 exp: 45450432 108 1 #EPN 201B/01 $022-10-19 $t22:39:52.139 201C/01 $022-10-19 201U/01 $0utf8 203@/01 $01065549865 204U/01 $0urn:nbn:at:at-ubg:3-5448 $S0 208@/01 $a22-10-19 $bl lok: 45450432 204 exp: 45450432 204 1 #EPN 201B/01 $022-10-19 $t22:39:52.142 201C/01 $022-10-19 201U/01 $0utf8 203@/01 $01065549873 204U/01 $0urn:nbn:at:at-ubg:3-5448 $S0 208@/01 $a22-10-19 $bl lok: 45450432 205 exp: 45450432 205 1 #EPN 201B/01 $022-10-19 $t22:39:52.144 201C/01 $022-10-19 201U/01 $0utf8 203@/01 $01065549881 204U/01 $0urn:nbn:at:at-ubg:3-5448 $S0 208@/01 $a22-10-19 $bl
| LEADER | 00000cam a2200000 c 4500 | ||
|---|---|---|---|
| 001 | 454504322 | ||
| 003 | DE-603 | ||
| 005 | 20250829231021.0 | ||
| 007 | cr|||||||||||| | ||
| 008 | 191022s2017 xx |||| o| u10||u|ger c | ||
| 024 | 7 | |a urn:nbn:at:at-ubg:3-5448 |2 urn | |
| 035 | |a (DE-599)HEB454504322 | ||
| 040 | |a DE-603 |b ger |c DE-603 |d DE-603 |e rda | ||
| 041 | |a ger | ||
| 084 | |a 640 |a 390 |q DE-101 |2 sdnb | ||
| 084 | |a ES 110 |0 (DE-625)27792: |0 (DE-603)407872655 |2 rvk | ||
| 084 | |a GC 7381 |0 (DE-625)38551:13554 |0 (DE-603)408302321 |2 rvk | ||
| 084 | |a LC 17000 |0 (DE-625)90626:772 |0 (DE-603)409657182 |2 rvk | ||
| 084 | |a ZE 76000 |0 (DE-625)155935: |0 (DE-603)47789416X |2 rvk | ||
| 245 | 0 | 0 | |a Kochbuchforschung interdisziplinär |b Beiträge der kulinarhistorischen Fachtagungen in Melk 2015 und Seckau 2016 |c herausgegeben von Andrea Hofmeister-Winter |
| 264 | 1 | |a Graz |b up Unipress Verlag |c 2017 | |
| 264 | 2 | |a Graz, Austria |b Karl-Franzens-Universität | |
| 300 | |a 1 Online-Ressource (312 Seiten) |b Illustrationen, Diagramme | ||
| 336 | |a Text |b txt |2 rdacontent | ||
| 337 | |a Computermedien |b c |2 rdamedia | ||
| 338 | |a Online-Ressource |b cr |2 rdacarrier | ||
| 490 | 0 | |a Grazer mediävistische Schriften |v Band 1 | |
| 500 | |a Literaturangaben | ||
| 546 | |a Zusammenfassungen in englischer Sprache | ||
| 648 | 7 | |a Geschichte 1300-1835 |2 gnd | |
| 650 | 7 | |a Ess- und Trinksitte |0 (DE-588)4015556-0 |0 (DE-603)085035661 |2 gnd | |
| 650 | 7 | |a Kochbuch |0 (DE-588)4114240-8 |0 (DE-603)085340987 |2 gnd | |
| 650 | 7 | |a Ernährungsgewohnheit |0 (DE-588)4136846-0 |0 (DE-603)085510459 |2 gnd | |
| 655 | 7 | |a Konferenzschrift |y 19.08.-21.08.2015 |z Melk |y 24.08.-26.08.2016 |y Seckau |2 gnd-content |0 (DE-588)1071861417 |0 (DE-603)359646190 | |
| 700 | 1 | |a Hofmeister-Winter, Andrea |d 1960- |e Herausgeber |4 edt |0 (DE-603)155449516 |0 (DE-588)124843794 |2 gnd | |
| 776 | 1 | |z 9783902666536 | |
| 856 | |u http://unipub.uni-graz.at/obvugroa/content/titleinfo/3513278 |x Verlag |z kostenfrei | ||
| 924 | 1 | |9 603 |a (DE-603)1065549725 |b DE-603 |c HES |d d | |
| 924 | 1 | |9 603 |a (DE-603)1065549733 |b DE-603 |c HES |d d | |
| 924 | 1 | |9 603 |a (DE-603)1065549741 |b DE-603 |c HES |d d | |
| 924 | 1 | |9 603 |a (DE-603)106554975X |b DE-603 |c HES |d d | |
| 924 | 1 | |9 603 |a (DE-603)1065549768 |b DE-603 |c HES |d d | |
| 924 | 1 | |9 603 |a (DE-603)1065549784 |b DE-603 |c HES |d d | |
| 924 | 1 | |9 603 |a (DE-603)1065549792 |b DE-603 |c HES |d d | |
| 924 | 1 | |9 603 |a (DE-603)1065549806 |b DE-603 |c HES |d d | |
| 924 | 1 | |9 603 |a (DE-603)1223002942 |b DE-603 |c HES |d d | |
| 924 | 1 | |9 603 |a (DE-603)1065549814 |b DE-603 |c HES |d d | |
| 924 | 1 | |9 603 |a (DE-603)1065549822 |b DE-603 |c HES |d d | |
| 924 | 1 | |9 603 |a (DE-603)1065549849 |b DE-603 |c HES |d d | |
| 924 | 1 | |9 603 |a (DE-603)1065549857 |b DE-603 |c HES |d d | |
| 924 | 1 | |9 603 |a (DE-603)1065549865 |b DE-603 |c HES |d d | |
| 924 | 1 | |9 603 |a (DE-603)1065549873 |b DE-603 |c HES |d d | |
| 924 | 1 | |9 603 |a (DE-603)1065549881 |b DE-603 |c HES |d d | |